| 000 | 00793nam a2200217 a 4500 | ||
|---|---|---|---|
| 005 | 20240803063838.0 | ||
| 008 | 030506s2000 mx r 000 0 spa d | ||
| 020 | _a9701859642 | ||
| 035 | _aUPN01000123896 | ||
| 049 | _aLTG | ||
| 050 | 4 |
_aLB2002 A1 _bO7.4 |
|
| 245 | 0 | 0 |
_aOrientaciones académicas para la elaboración del documento recepcional : _blicenciatura en educación primaria. |
| 260 |
_aMéxico : _bSEP, _c2000. |
||
| 300 | _a46 p. | ||
| 440 | 0 | _aPrograma para la Transformación y el Fortalecimiento Académicos de las Escuelas Normales | |
| 500 | _a"Plan de estudios 1997" | ||
| 650 | 4 |
_aInvestigación _xMetodología _95209 |
|
| 650 | 4 |
_aTesis y disertaciones académicas _912172 |
|
| 710 | 1 |
_aMéxico. _bSubsecretaría de Educación Básica y Normal _927954 |
|
| 905 | _aLibro | ||
| 999 |
_c96075 _d96075 |
||